Etudes platoniciennes

Saved in:
Bibliografiske detaljer
Hovedforfatter: Schuhl, Pierre-Maxime (Author)
Format: Bog
Sprog:fransk
Udgivet: París Presses Universitaires de France 1960
Serier:Bibliothèque de Philosophie Contemporaine
Fag:
Tags: Tilføj Tag
Ingen Tags, Vær først til at tagge denne postø!

MARC

LEADER 00000nam a2200000 a 4500
001 UCY5889
003 CL-VaPUC
008 950512e19600000FR |||||||||||||||||fre|d
082 0 4 |a 184  |b SCH  |2 21 
100 0 |a Schuhl, Pierre-Maxime  |e author  |9 335297 
245 1 0 |a Etudes platoniciennes 
300 |a 180 p 
942 |c BK 
945 |d 19950512 00:00:00  |a oaravena 
260 |a París  |b Presses Universitaires de France  |c 1960 
600 0 7 |a PLATON  |2 CL-VaPUC  |9 222 
600 0 |a Sócrates  |9 266368 
650 0 |a Filosofía antigua   |9 255705 
650 0 |a Platonismo  |9 265673 
650 7 |a FILOSOFIA POLITICA  |2 CL-VaPUC  |9 335298 
650 0 |a Escuelas filosóficas   |9 266232 
651 0 |a Grecia  |9 265314 
583 |a last modification  |c 19950512 00:00:00  |k Rodrigo Vera 
490 0 |a Bibliothèque de Philosophie Contemporaine 
999 |c 233495  |d 233493 
952 |0 0  |1 0  |4 0  |6 184_000000000000000_SCH_1960  |7 0  |8 P  |9 239063  |a BIBEDU  |b BIBEDU  |c BIBEDU_PB  |d 2019-11-18  |i 1501739  |o 184 SCH 1960  |p 1501739  |r 2024-01-25  |w 2019-11-18  |y BK  |k FIL